000 00671nam a22002057a 4500
003 DEla salle
005 20140310183104.0
008 130304t xxu||||| |||| 00| 0 eng d
020 _a9789719328766
050 _aHD2741
_b.Es79 2010
082 _aFIL658.4009599
_b.E79 2010
245 _aGuideposts for governance :
_bindispensable values for individuals, corporations, institutions, and governments units /
_cEstanislao, Jesus P.
260 _aMakati City :
_bInstitute for Solidarity in Asia,
_cc2010
300 _avi, 256 p. :
_c23 cm.
521 _acollege students
526 _c1210L-1700L
541 _j1
562 _e1
942 _2lcc
_cBK
_kFIL
999 _c18765
_d18765